Normal view
MARC view
- Computer science -- Mathematics
Entry Topical Term
001 - CONTROL NUMBER
- control field: 126608
003 - CONTROL NUMBER IDENTIFIER
- control field: NUST
005 - DATE AND TIME OF LATEST TRANSACTION
- control field: 20241030112902.0
008 - FIXED-LENGTH DATA ELEMENTS
- fixed length control field: 241030|| aca||aabn | a|a d
040 ## - CATALOGING SOURCE
- Original cataloging agency: NUST
- Transcribing agency: NUST
150 ## - HEADING--TOPICAL TERM
- Topical term or geographic name entry element: Computer science -- Mathematics
670 ## - SOURCE DATA FOUND
- Source citation: Work cat.: (NUST): Rosen, Kenneth H. 17956, Discrete mathematics and its applications / , c2004
